• 首页
  • 本馆介绍
  • 公告通知
  • 最新文献
  • 馆藏检索
  • 电子资源
  • 读者导购
  • 参考咨询
  • 我的图书馆
  • 登录
  • 详细信息显示
  • 放入我的书架
  • 预约/预借图书
  • 作者相关作品
  • 分类相关作品
  • 丛书相关作品
  • 出版社相关作品

书目信息

  • 表格格式
  • 工作单格式
  • 卡片格式
题名:
巨灾时代
    
 
作者: 苏言 , 贺濒 著
分册:  
出版信息: 南京   江苏人民出版社  2012
页数: 260页
开本: 24cm
丛书名:
单 册:
中图分类: X4
科图分类:
主题词: 自然灾害--影响--人类环境 , 人为灾害--影响--人类环境 , 自然灾害 , 人为灾害 , 人类环境
电子资源:
ISBN: 978-7-214-07702-8
000 01060nam0 22003131 450
001 519
005 20140909103413.14
010    @a978-7-214-07702-8@dCNY39.80
100    @a20120516d2012 em y0chiy50 ea
101 0  @achi
102    @aCN@b320000
105    @ay z 000yy
106    @ar
200 1  @a巨灾时代@AJu Zai Shi Dai@f苏言,贺濒著@FSu Yan, He Bin Zhu
210    @a南京@c江苏人民出版社@d2012
215    @a260页@d24cm
312    @a封面英文题名:Disaster era
330    @a本书汇集全球众多专家,引用了巨大而丰富的数据,它以敏锐的洞察力,从各个领域对本世纪最引人注目又令人迷惑的“2012”预言进行了全方位的分析。它告诉并警示我们,人类对世界的探索其实才刚刚开始,理应作好准备以便进入更为深远的未知之旅
510 1  @aDisaster era@zeng
606 0  @a自然灾害@x影响@x人类环境
606 0  @a人为灾害@x影响@x人类环境
606 0  @a自然灾害
606 0  @a人为灾害
606 0  @a人类环境
690    @aX4@v5
701  0 @a苏言@ASu Yan@4著
701  0 @a贺濒@AHe Bin@f(1973~)@4著
801  0 @aCN@bTANGWEI@c20140603
905    @b0836685-87@dX4@e129@f3
    
    巨灾时代/苏言,贺濒著.-南京:江苏人民出版社,2012
    260页;24cm
    
    
    ISBN 978-7-214-07702-8:CNY39.80
    本书汇集全球众多专家,引用了巨大而丰富的数据,它以敏锐的洞察力,从各个领域对本世纪最引人注目又令人迷惑的“2012”预言进行了全方位的分析。它告诉并警示我们,人类对世界的探索其实才刚刚开始,理应作好准备以便进入更为深远的未知之旅
●
相关链接 在E读中查询图书 在五车中查询图书 在当当中查询图书 在豆瓣中查询图书


正题名:巨灾时代     索取号:X4/129         预约/预借

序号 登录号 条形码 馆藏地/架位号 状态 备注
1 0836685   208366855   第二样本阅览室/ [索取号:X4/129] 在馆    
2 0836686   208366864   第三借阅区/ [索取号:X4/129] 在馆    
3 0836687   208366873   第三借阅区/ [索取号:X4/129] 在馆    
唐山师范学院图书馆 欢迎您!
大连网信软件有限公司© 版权所有